Merdeka! : British rule and the struggle for independence in Malaysia, 1945-1957

Bibliographic Details
Main Author: Khong, Kim Hoong
Format: Book
Published: Selangor : SIRD , 1984
Subjects:

MARC

LEADER 00000cam a2200000 7i4500
001 0000017363
005 20080520.0
008 080520
020 |a 9832535182 
090 0 0 |a 959.504   |b KHO 
100 0 |a Khong, Kim Hoong 
245 1 0 |a Merdeka! :   |b British rule and the struggle for independence in Malaysia, 1945-1957   |c Khong Kim Hoong 
260 |a Selangor :   |b SIRD ,   |c 1984 
650 0 |a Malaysia   |x History 
999 |a 0001011989   |b Book   |c Adult Collection   |e Perbadanan Perpustakaan Awam Johor